Multidrug-resistant; hospital associated infection in pediatric intensive care units / (Record no. 57761)

MARC details
000 -LEADER
fixed length control field 02314cam a2200349 a 4500
003 - CONTROL NUMBER IDENTIFIER
control field EG-GiCUC
005 - DATE AND TIME OF LATEST TRANSACTION
control field 20250223031547.0
008 - FIXED-LENGTH DATA ELEMENTS--GENERAL INFORMATION
fixed length control field 160919s2016 ua dh f m 000 0 eng d
040 ## - CATALOGING SOURCE
Original cataloging agency EG-GiCUC
Language of cataloging eng
Transcribing agency EG-GiCUC
041 0# - LANGUAGE CODE
Language code of text/sound track or separate title eng
049 ## - LOCAL HOLDINGS (OCLC)
Holding library Deposite
097 ## - Thesis Degree
Thesis Level M.Sc
099 ## - LOCAL FREE-TEXT CALL NUMBER (OCLC)
Classification number Cai01.11.28.M.Sc.2016.Do.M
100 0# - MAIN ENTRY--PERSONAL NAME
Personal name Doaa Galal Kamal Abdelfatah
245 10 - TITLE STATEMENT
Title Multidrug-resistant; hospital associated infection in pediatric intensive care units /
Statement of responsibility, etc. Doaa Galal Kamal Abdelfatah ; Supervised Iman Khaled Eyada , Bassant Salah Saad , Dalia Kadry Ismail
246 15 - VARYING FORM OF TITLE
Title proper/short title دراسة عدوى المستشفيات المتسببه بالميكروبات متعددة المقاومة للمضادات الحيوية بوحدات العناية المركزة للأطفال
260 ## - PUBLICATION, DISTRIBUTION, ETC.
Place of publication, distribution, etc. Cairo :
Name of publisher, distributor, etc. Doaa Galal Kamal Abdelfatah ,
Date of publication, distribution, etc. 2016
300 ## - PHYSICAL DESCRIPTION
Extent 135 P. :
Other physical details charts , facsimiles ;
Dimensions 25cm
502 ## - DISSERTATION NOTE
Dissertation note Thesis (M.Sc.) - Cairo University - Faculty of Medicine - Department of Pediatrics
520 ## - SUMMARY, ETC.
Summary, etc. Objective: To determine the incidence and associated factors of multidrug- resistant hospital associated infections (MDR-HAI) in the pediatric intensive care unit (PICU) of the Cairo University Children Hospital, Egypt. Method: A prospective study was performed in the PICU of the Cairo University Pediatric Hospital, Egypt during the period March 2014- August 2014. Children aged {u2264} 15 years who developed PICU-related HAI were studied. Results: Fifty- seven patients (mean age 21 months) developed 106 episodes of PICU- related HAI. The HAI rate was 28%, equivalent to 58.85% per 1000 patient days. Ninety- eight (92.4%) episodes were MDR-HAI. The insertion of endotracheal tube (ETT) was a significant risk factor for MDR-HAI. Conclusion: The incidence of MDR-HAI was high in the PICU. ETT insertion was a risk factor for MDR-HAI
530 ## - ADDITIONAL PHYSICAL FORM AVAILABLE NOTE
Additional physical form available note Issued also as CD
653 #4 - INDEX TERM--UNCONTROLLED
Uncontrolled term Hospital associated infection
653 #4 - INDEX TERM--UNCONTROLLED
Uncontrolled term Multidrug-resistant
653 #4 - INDEX TERM--UNCONTROLLED
Uncontrolled term Pediatric intensive care unit
700 0# - ADDED ENTRY--PERSONAL NAME
Personal name Bassant Salah Saad ,
Relator term
700 0# - ADDED ENTRY--PERSONAL NAME
Personal name Dalia Kadry Ismail ,
Relator term
700 0# - ADDED ENTRY--PERSONAL NAME
Personal name Iman Khaled Eyada ,
Relator term
856 ## - ELECTRONIC LOCATION AND ACCESS
Uniform Resource Identifier <a href="http://172.23.153.220/th.pdf">http://172.23.153.220/th.pdf</a>
905 ## - LOCAL DATA ELEMENT E, LDE (RLIN)
Cataloger Nazla
Reviser Revisor
905 ## - LOCAL DATA ELEMENT E, LDE (RLIN)
Cataloger Soheir
Reviser Cataloger
942 ## - ADDED ENTRY ELEMENTS (KOHA)
Source of classification or shelving scheme Dewey Decimal Classification
Koha item type Thesis
Holdings
Source of classification or shelving scheme Not for loan Home library Current library Date acquired Full call number Barcode Date last seen Koha item type Copy number
Dewey Decimal Classification   المكتبة المركزبة الجديدة - جامعة القاهرة قاعة الرسائل الجامعية - الدور الاول 11.02.2024 Cai01.11.28.M.Sc.2016.Do.M 01010110069688000 22.09.2023 Thesis  
Dewey Decimal Classification   المكتبة المركزبة الجديدة - جامعة القاهرة مخـــزن الرســائل الجـــامعية - البدروم 11.02.2024 Cai01.11.28.M.Sc.2016.Do.M 01020110069688000 22.09.2023 CD - Rom 69688.CD
Cairo University Libraries Portal Implemented & Customized by: Eng. M. Mohamady Contacts: new-lib@cl.cu.edu.eg | cnul@cl.cu.edu.eg
CUCL logo CNUL logo
© All rights reserved — Cairo University Libraries
CUCL logo
Implemented & Customized by: Eng. M. Mohamady Contact: new-lib@cl.cu.edu.eg © All rights reserved — New Central Library
CNUL logo
Implemented & Customized by: Eng. M. Mohamady Contact: cnul@cl.cu.edu.eg © All rights reserved — Cairo National University Library